000 00644nam a2200121Ia 4500
008 220620s9999||||xx |||||||||||||| ||und||
245 0 _aRealities, Challenges, Visions?
_bTowards a New Foreign Cultural and Educational Policy
546 _aEnglish[eng]
650 _aAußenkulturpolitik; Bildung; Zivilgesellschaft; Demokratie; Netzwerke; Foreign Cultural Policy; Education; Civil Society; Democracy; Networks
700 _aRobertson-von Trotha, Caroline Y.
856 _uhttps://library.oapen.org/bitstream/20.500.12657/53950/1/realities-challenges-visions-towards-a-new-foreign-cultural-and-educational-policy-wika-report-4.pdf
942 _cEB
999 _c30898
_d30898